| 000 | 00517 a2200133 4500 | ||
|---|---|---|---|
| 999 |
_c329739 _d329739 |
||
| 003 | NUST | ||
| 005 | 20170518170413.0 | ||
| 008 | 170518b xxu||||| |||| 00| 0 eng d | ||
| 040 |
_aDLC _bDLC _cDLC |
||
| 082 | _a891.4393 NAS | ||
| 100 |
_aNaseem Hijazi _91033 |
||
| 245 |
_aMoazzam Ali _cNaseem Hijazi _h(urdu) |
||
| 260 |
_aLahore: _bJahangir Book Depu, _c2005. |
||
| 300 |
_a559 p. ; _c24 cm. |
||
| 650 |
_aUrdu literature--Novel _91164 |
||
| 942 |
_cBK _k891.4393 NAS _2ddc |
||